[Event "11th Master Open"]
[Site "Voronezh RUS"]
[Date "2007.06.19"]
[Round "7"]
[White "Ulko,J"]
[Black "Yandemirov,V"]
[Result "1-0"]
[WhiteElo "2486"]
[BlackElo "2515"]

1.d4 Nf6 2.c4 g6 3.Nc3 d5 4.cxd5 Nxd5 5.e4 Nxc3 6.bxc3 Bg7 7.Bc4 O-O 8.Ne2 Nc6
9.O-O Na5 10.Bd3 Be6 11.Bg5 c6 12.f4 f5 13.exf5 Bxf5 14.Bxf5 Rxf5 15.Ng3 Rf7
16.f5 Qd5 17.Qg4 Raf8 18.Qh4 gxf5 19.Bxe7 Re8 20.Rae1 Nc4 21.Nh5 Nd2 22.Bf6 Re4
23.Bxg7 Nxf1 24.Rxe4 fxe4 25.Nf6+ Rxf6 26.Qxf6 Qf7 27.Qxf7+ Kxf7 28.Bh6 Nxh2
29.Kxh2 Ke6 30.c4 b5 31.d5+ cxd5 32.cxb5 d4 33.Kg3 Kd5 34.Kf4 e3 35.Kf3 Kc4
36.a4 Kb4 37.Bg7 d3 38.Kxe3 Kxa4 39.Bd4 Kxb5 40.Bxa7 Kc4 41.Kd2  1-0

[Event "III Perla Baltyku A"]
[Site "Mielno POL"]
[Date "2007.06.20"]
[Round "4"]
[White "Lubczynski,R"]
[Black "Schmidt,Wl"]
[Result "1/2-1/2"]
[WhiteElo "2347"]
[BlackElo "2415"]

1.d4 Nf6 2.c4 g6 3.Nc3 d5 4.cxd5 Nxd5 5.e4 Nxc3 6.bxc3 Bg7 7.Bc4 c5 8.Ne2 Nc6
9.Be3 O-O 10.O-O Qc7 11.Rc1 Rd8 12.Bf4 Qd7 13.d5 Na5 14.Bd3 b5 15.Be3 c4
16.Bc2 Qe8 17.Qd2 e6 18.Bd4 exd5 19.Bxg7 Kxg7 20.exd5 Qe5 21.Nf4 Nb7 22.Rfe1 Qf6
23.a4 a6  1/2-1/2

[Event "III Perla Baltyku A"]
[Site "Mielno POL"]
[Date "2007.06.20"]
[Round "4"]
[White "Reshetnikov,E"]
[Black "Owczarzak,J"]
[Result "1/2-1/2"]
[WhiteElo "2302"]
[BlackElo "2389"]

1.d4 Nf6 2.c4 g6 3.Nc3 d5 4.cxd5 Nxd5 5.e4 Nxc3 6.bxc3 Bg7 7.Nf3 c5 8.Rb1 O-O
9.Be2 cxd4 10.cxd4 Qa5+ 11.Bd2 Qxa2 12.O-O Bg4 13.Bg5 h6 14.Be3 Nc6 15.d5 Bxf3
16.Bxf3 Ne5 17.Rxb7 a5 18.Bc5 a4 19.Bxe7 Rfb8 20.Rxb8+ Rxb8  1/2-1/2

[Event "CIQ"]
[Site "Quebec CAN"]
[Date "2007.06.21"]
[Round "1"]
[White "Luksza,A"]
[Black "Barbeau,S"]
[Result "0-1"]
[WhiteElo "2141"]
[BlackElo "2389"]

1.d4 Nf6 2.c4 g6 3.Nc3 d5 4.cxd5 Nxd5 5.e4 Nxc3 6.bxc3 Bg7 7.Nf3 c5 8.Be3 O-O
9.Qd2 Qa5 10.Rc1 cxd4 11.cxd4 Qxd2+ 12.Kxd2 Nc6 13.d5 Rd8 14.Ke1 Na5 15.Bb5 f5
16.Bd2 b6 17.Bxa5 bxa5 18.e5 Rb8 19.Bc4 Bh6 20.d6+ Kf8 21.Rd1 exd6 22.exd6 Rb4
23.Be2 Re4 24.Nd2 Re6 25.Nc4 Rde8 26.Ne3 Bxe3 27.Bc4 Bc5+ 28.Bxe6 Rxe6+ 29.Kf1 Ba6+
30.Kg1 Rxd6 31.Rxd6 Bxd6 32.h4 Bc4 33.Rh3 Bxa2  0-1

[Event "III Perla Baltyku A"]
[Site "Mielno POL"]
[Date "2007.06.22"]
[Round "6"]
[White "Lubczynski,R"]
[Black "Shishkin,Va UKR"]
[Result "0-1"]
[WhiteElo "2347"]
[BlackElo "2515"]

1.d4 Nf6 2.c4 g6 3.Nc3 d5 4.cxd5 Nxd5 5.e4 Nxc3 6.bxc3 Bg7 7.Bc4 c5 8.Ne2 O-O
9.O-O Nc6 10.Be3 Bd7 11.Rb1 Qc7 12.dxc5 Ne5 13.Bd5 Rab8 14.a4 Rfd8 15.Qc2 e6
16.Bb3 Ng4 17.Bf4 Be5 18.Qc1 Qxc5 19.h3 Nf6 20.Be3 Qa5 21.Bg5 h6 22.Bh4 Rdc8
23.f4 Bxc3 24.Nxc3 Rxc3 25.Qd1 Nxe4 26.Qxd7 Qb6+ 27.Kh2 Rxb3 28.Rxb3 Qxb3
29.Qd4 Qd5 30.Qxa7 Rc8 31.Be7 Kh7 32.Re1 Rc2 33.Qe3 Nd6 34.Rg1 Nf5 35.Qa3 Qe4
36.Bd6 Ne3  0-1

[Event "Open"]
[Site "Pula CRO"]
[Date "2007.06.25"]
[Round "3"]
[White "Rukavina,Dar"]
[Black "Antal,Ge"]
[Result "0-1"]
[WhiteElo "2300"]
[BlackElo "2448"]

1.d4 Nf6 2.c4 g6 3.Nc3 d5 4.cxd5 Nxd5 5.e4 Nxc3 6.bxc3 Bg7 7.Bc4 c5 8.Ne2 Nc6
9.Be3 O-O 10.O-O Bd7 11.Rb1 Qc7 12.dxc5 Rfd8 13.Nd4 Be8 14.Qc2 Ne5 15.Be2 Nd7
16.Nb5 Qa5 17.Rb3 a6 18.Ra3 axb5 19.Rxa5 Rxa5 20.Rb1 Nf6 21.f3 Rda8 22.Rb2 Bc6
23.Qd2 Nd7 24.Bd1 e6 25.Bb3 Bf8 26.Qf2 Ne5 27.Rd2 Ra3 28.h3 Nc4 29.Bxc4 bxc4
30.Bd4 Be7 31.Qg3 f6 32.Qc7 Re8 33.e5 f5 34.Rb2 Bd8 35.Qd6 Kf7 36.Rc2 Ra6
37.Bf2 Ba4 38.Qb8 Bc6 39.Rb2 Ba5 40.Rxb7+ Kg8 41.Ra7 Rxb8 42.Rxa6 Bxc3 43.Rxc6 Rb1+
44.Kh2 Bxe5+ 45.Bg3 f4 46.Be1 Rxe1 47.Rxe6 Kf7 48.Ra6 c3 49.c6 c2  0-1

[Event "CIQ"]
[Site "Quebec CAN"]
[Date "2007.06.25"]
[Round "5"]
[White "Bolduc,S"]
[Black "Barbeau,S"]
[Result "0-1"]
[WhiteElo "2262"]
[BlackElo "2389"]

1.d4 Nf6 2.c4 g6 3.Nc3 d5 4.cxd5 Nxd5 5.e4 Nxc3 6.bxc3 Bg7 7.Nf3 c5 8.Rb1 O-O
9.Be2 b6 10.O-O Bb7 11.Qd3 e6 12.Bg5 Qc7 13.Rfd1 Nd7 14.Qe3 Nf6 15.Bd3 Rac8
16.h3 Nd7 17.e5 Rce8 18.Bf4 Bd5 19.Bb5 cxd4 20.cxd4 Qb7 21.Rbc1 Rc8 22.Qa3 Nb8
23.Bf1 a6 24.Nd2 Rxc1 25.Rxc1 Rc8 26.Nc4 Bf8 27.Nd6 Rxc1 28.Bxc1 Qc6 29.Bg5 Qc2
30.Bxa6 Nc6 31.Bb5 Qb1+ 32.Qc1 Qxc1+ 33.Bxc1 Nxd4 34.Bd3 Bxa2 35.Ne8 Nc6
36.Nf6+ Kh8 37.Bb5 Nb4 38.Be8 Nd3 39.Bd2 Bc5 40.Bb5 Nxf2 41.Kf1 Bb1 42.Bc6 Bd3+
43.Ke1 Bc4 44.Nd7 Nd3+ 45.Kd1 Bd4 46.Bg5 b5 47.h4 h5 48.Kc2 Nb4+  0-1

[Event "White Nights"]
[Site "St Petersburg RUS"]
[Date "2007.06.26"]
[Round "2"]
[White "Kostin,S"]
[Black "Gnidenko,A"]
[Result "1-0"]
[WhiteElo "2284"]
[BlackElo "2135"]

1.d4 Nf6 2.c4 g6 3.Nc3 d5 4.cxd5 Nxd5 5.e4 Nxc3 6.bxc3 Bg7 7.Be3 O-O 8.Qd2 c5
9.h3 Qa5 10.Nf3 Rd8 11.Rc1 b5 12.Bd3 Nc6 13.d5 c4 14.Bb1 Qa3 15.O-O e6 16.Bg5 Rd7
17.Qe2 Ne5 18.Nd4 exd5 19.exd5 Bb7 20.Be4 Re8 21.Nxb5 Qa5 22.Rb1 Nd3 23.Qf3 Ne5
24.Qg3 Bxd5 25.Bxd5 Rxd5 26.Nd4 Nd3 27.Rb8 Rf8 28.Nc6 Be5 29.Qh4 Rxb8 30.Nxa5 Rxa5
31.Qxc4 Nc5 32.Bf4 Ra4 33.Qxc5 Bxf4 34.g3 Bh6 35.a3 Bf8 36.Qc7 Re8 37.Ra1 Bg7
38.Rd1 Rxa3 39.c4 Rc3 40.c5 a6 41.c6 Be5 42.Qb7 Re6 43.Rd8+ Kg7 44.Rd7 Rf6
45.c7 Bxc7 46.Rxc7 Rd3 47.Qb2 Rd6 48.Rc4 Kg8 49.Qb8+ Kg7 50.Rc8 Rd1+ 51.Kg2 Rd2
52.Rg8+ Kh6 53.Qa7 Re2 54.Qd4 Rf5 55.Qh4+ Rh5 56.Qf4+  1-0

[Event "White Nights"]
[Site "St Petersburg RUS"]
[Date "2007.06.26"]
[Round "2"]
[White "Chernov,Vl3"]
[Black "Chekmenev,V"]
[Result "1-0"]
[WhiteElo "2046"]
[BlackElo "1854"]

1.c4 Nf6 2.Nc3 d5 3.cxd5 Nxd5 4.e4 Nxc3 5.bxc3 g6 6.d4 Bg7 7.Be3 c5 8.Nf3 O-O
9.Be2 Nc6 10.O-O Bg4 11.e5 Qc7 12.Rc1 Rad8 13.Qa4 Bd7 14.Qa3 Na5 15.dxc5 e6
16.Rfd1 Rfe8 17.Bg5 Rc8 18.Rxd7 Qxd7 19.Qxa5 Bf8 20.Bb5  1-0

[Event "Open"]
[Site "Pula CRO"]
[Date "2007.06.27"]
[Round "6"]
[White "Karner,C"]
[Black "Dragicevic,Draz"]
[Result "1-0"]
[WhiteElo "2319"]
[BlackElo "2200"]

1.d4 Nf6 2.c4 g6 3.Nc3 d5 4.cxd5 Nxd5 5.e4 Nxc3 6.bxc3 Bg7 7.Be3 c5 8.Qd2 cxd4
9.cxd4 Nc6 10.Rd1 Qa5 11.Nf3 O-O 12.Be2 b6 13.O-O Qxd2 14.Rxd2 Bb7 15.d5 Ne5
16.Nxe5 Bxe5 17.f4 Bc3 18.Rc2 Rac8 19.Rfc1 Bb4 20.Rc7 Rxc7 21.Rxc7 Rb8 22.Bc4 Rc8
23.Rxb7 Rxc4 24.e5 Rc3 25.Kf2 Rc2+ 26.Kf3 Rxa2 27.f5 Ra3 28.d6 Bc5 29.dxe7 Rxe3+
30.Kf4 g5+ 31.Kxg5 Rxe5 32.Kf6 Rxe7 33.Rb8+ Re8 34.Rxe8+ Bf8 35.Ra8 a5 36.g4 h6
37.h4 a4 38.Rxa4 Bg7+ 39.Ke7 Bf8+ 40.Ke8 Bg7 41.Rb4 Bf6 42.Rxb6 Bxh4 43.Rxh6 Bg5
44.Ra6 f6 45.Ke7 Kg7 46.Ke6 Be3 47.Rd6 Bg5 48.Rd7+ Kg8 49.Rf7  1-0

[Event "White Nights"]
[Site "St Petersburg RUS"]
[Date "2007.06.27"]
[Round "3"]
[White "Shpartko,G"]
[Black "Melnikov,N1"]
[Result "1-0"]
[WhiteElo "2048"]
[BlackElo "1855"]

1.d4 Nf6 2.c4 g6 3.Nc3 d5 4.cxd5 Nxd5 5.e4 Nxc3 6.bxc3 Bg7 7.Be3 O-O 8.Qd2 c5
9.Bc4 cxd4 10.cxd4 Nc6 11.Ne2 Na5 12.Bd3 b6 13.O-O Bb7 14.f3 Rc8 15.Rac1 Qd7
16.Qb4 Rfd8 17.d5 Qd6 18.Qxd6 exd6 19.Nd4 Bxd4 20.Bxd4 Rxc1 21.Rxc1 Rc8 22.Rxc8+ Bxc8
23.Bf6 Kf8 24.Kf2 Ke8 25.f4 Bd7 26.Ba6 Ba4 27.Bc3 Kd7 28.e5 Kc7 29.Bb4 Nb7
30.Bxb7 Kxb7 31.Bxd6 Bd7 32.Kf3 b5 33.g4 a5 34.a3 Kc8 35.h3 Kd8 36.Ke4 Bc8
37.f5 Kd7 38.Bc5 Ke8 39.e6 fxe6 40.dxe6 h5 41.Ke5 hxg4 42.fxg6 gxh3 43.g7  1-0

[Event "Summer GM"]
[Site "Lugansk UKR"]
[Date "2007.07.02"]
[Round "2"]
[White "Kiselev,Vit2"]
[Black "Tkachenko,G"]
[Result "1-0"]
[WhiteElo "2509"]
[BlackElo "2318"]

1.d4 Nf6 2.c4 g6 3.Nc3 d5 4.cxd5 Nxd5 5.e4 Nxc3 6.bxc3 Bg7 7.Bc4 O-O 8.Ne2 c5
9.O-O cxd4 10.cxd4 Nc6 11.Be3 b6 12.Rc1 Na5 13.Bd5 Bb7 14.Bxb7 Nxb7 15.Qa4 Nd6
16.f3 a6 17.Qb3 b5 18.Rfd1 Nc4 19.Bf2 Rb8 20.a4 Qd7 21.axb5 axb5 22.Nc3 Nd6
23.Nd5 Rfc8 24.Rxc8+ Nxc8 25.Nb4 Nd6 26.d5 Nc4 27.Nc6 Rb7 28.Bc5 Bf8 29.Qa2 Nd6
30.Qa6 h5 31.Bxd6 exd6 32.Rb1 Bg7 33.Rxb5 Rxb5 34.Qxb5 Kh7 35.Qb8  1-0

[Event "Open A"]
[Site "Kowalewo Pomorskie POL "]
[Date "2007.07.04"]
[Round "2"]
[White "Budrewicz,K"]
[Black "Shishkin,Va UKR"]
[Result "0-1"]
[WhiteElo "2224"]
[BlackElo "2543"]

1.d4 Nf6 2.c4 g6 3.Nc3 d5 4.cxd5 Nxd5 5.e4 Nxc3 6.bxc3 Bg7 7.Bc4 c5 8.Ne2 O-O
9.O-O Nc6 10.Be3 Bd7 11.Qd2 Qc7 12.Rab1 Rad8 13.Bf4 Qc8 14.Rfc1 Na5 15.Bd3 e5
16.Bg5 f6 17.Be3 Qc7 18.Qb2 c4 19.Bc2 b6 20.Qa3 Rfe8 21.Rf1 Bf8 22.Qb2 Bc6
23.f3 Bd6 24.h3 Qe7 25.Qc1 exd4 26.cxd4 b5 27.Qe1 b4 28.Qf2 Rb8 29.Rfd1 b3
30.axb3 cxb3 31.Bd3 Rec8 32.d5 Bb5 33.Bxa7 Rc2 34.Kh1 Bxd3 35.Rxd3 Rxe2 36.Qxe2 Qxa7
37.f4 Bxf4 38.Qg4 Be5 39.Qe6+ Kg7 40.d6 Qf7 41.Qd5 Qxd5 42.Rxd5 Nc6 43.d7 Nd8
44.Rc5 Rb7 45.g4 b2 46.Rd5 g5  0-1

[Event "Asian Youth GU18"]
[Site "Tashkent UZB"]
[Date "2007.07.04"]
[Round "6"]
[White "Hamrakulova,Y"]
[Black "Kiran,M"]
[Result "1/2-1/2"]
[WhiteElo "2182"]
[BlackElo "2204"]

1.d4 Nf6 2.c4 g6 3.Nc3 d5 4.cxd5 Nxd5 5.e4 Nxc3 6.bxc3 Bg7 7.Bc4 c5 8.Ne2 O-O
9.O-O Nc6 10.Be3 Bd7 11.Rb1 Qc7 12.Bf4 Qc8 13.Rc1 Rd8 14.Qb3 e6 15.Qa3 a6
16.dxc5 Ne5 17.Bxe5 Bxe5 18.Nd4 Qc7 19.h3 Rac8 20.Nb3 Bg7 21.Be2 Bc6 22.Qb4 Qf4
23.Bf3 Be5 24.Rfe1 Rd3 25.Kf1 Qh2 26.a4 Rcd8 27.Ke2 Bf4 28.Rc2 Be5 29.Qc4 R3d7
30.Rcc1 Bf4 31.Rc2 Be5 32.Rcc1 Bf4  1/2-1/2

[Event "XXX Open"]
[Site "Barbera del Valles ESP"]
[Date "2007.07.10"]
[Round "5"]
[White "Czakon,J"]
[Black "Rojas Keim,L"]
[Result "1-0"]
[WhiteElo "2505"]
[BlackElo "2385"]

1.d4 Nf6 2.c4 g6 3.Nc3 d5 4.cxd5 Nxd5 5.e4 Nxc3 6.bxc3 Bg7 7.Nf3 c5 8.Rb1 O-O
9.Be2 b6 10.O-O Bb7 11.Qd3 Ba6 12.Qc2 Bxe2 13.Qxe2 e6 14.Bg5 Qd7 15.Qe3 cxd4
16.cxd4 Nc6 17.Rbd1 Rac8 18.Bh6 Rfd8 19.Bxg7 Kxg7 20.h4 Qe7 21.h5 Na5 22.Qf4 Nc4
23.e5 h6 24.Qe4 g5 25.Nh2 Nb2 26.Rc1 Rxc1 27.Rxc1 Qb4 28.Rc7  1-0

[Event "XXX Open"]
[Site "Barbera del Valles ESP"]
[Date "2007.07.10"]
[Round "5"]
[White "Ortega Serra,M"]
[Black "Chalmeta Ugas,R"]
[Result "1/2-1/2"]
[WhiteElo "1933"]
[BlackElo "2176"]

1.d4 Nf6 2.c4 g6 3.Nc3 d5 4.cxd5 Nxd5 5.e4 Nxc3 6.bxc3 Bg7 7.Ba3 O-O 8.Bc4 Nd7
9.Ne2 c5 10.O-O Nb6 11.Bb3 cxd4 12.cxd4 Bg4 13.f3 Bd7 14.Rb1 Re8 15.d5 Bb5
16.Re1 Qd7 17.Nd4 Ba4 18.Qd3 Rac8 19.Bb2 Rc7 20.Rec1 Rec8 21.Rxc7 Rxc7 22.Rc1 a6
23.Rxc7 Qxc7 24.Qc3 Qxc3 25.Bxc3 Kf8 26.Kf2 Ke8 27.Ke2 Kd7 28.Kd3 Bxb3 29.axb3 Nc8
30.Bb4 Nd6 31.Bc3 f5 32.h3 fxe4+ 33.fxe4 b6 34.Ne2 Bxc3 35.Nxc3 a5 36.Kd4 e6
37.Na4 Nc8 38.Nc3 exd5 39.Nxd5 Ke6 40.g4 g5 41.e5 Na7 42.Nxb6 Nc6+ 43.Ke4 Nxe5
44.Na4 Nd7 45.Kd4 Kd6 46.Nc3 Nc5 47.Ne4+ Nxe4 48.Kxe4 Kc5 49.Kd3 Kd5  1/2-1/2

[Event "ch-NOR"]
[Site "Hamar NOR"]
[Date "2007.07.11"]
[Round "6"]
[White "Fyllingen,R"]
[Black "Elsness,F"]
[Result "1/2-1/2"]
[WhiteElo "2407"]
[BlackElo "2442"]

1.d4 Nf6 2.c4 g6 3.Nc3 d5 4.cxd5 Nxd5 5.e4 Nxc3 6.bxc3 Bg7 7.Be3 c5 8.Qd2 Qa5
9.Rb1 cxd4 10.cxd4 Qxd2+ 11.Kxd2 O-O 12.Bd3 e6 13.Ne2 b6 14.Rhc1 Ba6 15.Rb3 Bxd3
16.Rxd3 Na6 17.Ra3 Nb4 18.Rb3 Na6 19.Ra3 Nb4 20.Ra4 a5 21.Nc3 Rfd8 22.Nb5 Rac8  1/2-1/2

[Event "Open A"]
[Site "Oberwart AUT"]
[Date "2007.07.12"]
[Round "6"]
[White "Saric,A"]
[Black "Brkic,A"]
[Result "1/2-1/2"]
[WhiteElo "2499"]
[BlackElo "2558"]

1.d4 Nf6 2.c4 g6 3.Nc3 d5 4.cxd5 Nxd5 5.e4 Nxc3 6.bxc3 Bg7 7.Nf3 c5 8.Rb1 O-O
9.Be2 cxd4 10.cxd4 Qa5+ 11.Bd2 Qxa2 12.O-O b6 13.Qc1 Bb7 14.Bc4 Qa4 15.Bb5 Qa2
16.Bc4 Qa4 17.Bb5 Qa2 18.Re1 Rc8 19.Qd1 Qc2 20.Qe2 Nc6 21.Bd3 Qa2 22.Bc4 Qa4
23.Bb5 Qc2  1/2-1/2

[Event "Middlesex vs Young England"]
[Site "London ENG"]
[Date "2007.07.13"]
[Round "5"]
[White "McKeown,P"]
[Black "Poobalasingam,P"]
[Result "1/2-1/2"]
[WhiteElo "2080"]
[BlackElo "2133"]

1.d4 Nf6 2.c4 g6 3.Nc3 d5 4.cxd5 Nxd5 5.e4 Nxc3 6.bxc3 Bg7 7.Bg5 c5 8.Rc1 O-O
9.Nf3 cxd4 10.cxd4 Bg4 11.d5 h6 12.Bf4 g5 13.Bc7 Qd7 14.Qb3 Na6 15.Bb5 Qc8
16.Bf4 Qd8 17.Be3 Nc7 18.Bc4 b5 19.Bd3  1/2-1/2

[Event "XXII Tadeusz Gniota Mem"]
[Site "Police POL"]
[Date "2007.07.13"]
[Round "3"]
[White "Malaniuk,V"]
[Black "Schmidt,Wl"]
[Result "1-0"]
[WhiteElo "2522"]
[BlackElo "2415"]

1.d4 Nf6 2.c4 g6 3.Nc3 d5 4.cxd5 Nxd5 5.e4 Nxc3 6.bxc3 Bg7 7.Bc4 c5 8.Ne2 Nc6
9.Be3 O-O 10.O-O Qc7 11.Rc1 Rd8 12.Bf4 Qd7 13.dxc5 Qe8 14.Bd5 Bd7 15.Qd3 e6
16.Bb3 e5 17.Bg5 Rdc8 18.Bd5 Na5 19.Be3 Bf8 20.f4 exf4 21.Nxf4 Be6 22.Nxe6 fxe6
23.Rxf8+ Kxf8 24.Bh6+ Ke7 25.Rf1 Qg8 26.Bg5+ Ke8 27.Qb5+ Nc6 28.Bxc6+ bxc6
29.Qb7  1-0

[Event "22nd North Sea Cup"]
[Site "Esbjerg DEN"]
[Date "2007.07.14"]
[Round "2"]
[White "Nielsen,JB"]
[Black "Hansen,Mo"]
[Result "1/2-1/2"]
[WhiteElo "2232"]
[BlackElo "2056"]

1.d4 Nf6 2.c4 g6 3.Nc3 d5 4.cxd5 Nxd5 5.e4 Nxc3 6.bxc3 Bg7 7.Bc4 O-O 8.Ne2 c5
9.O-O cxd4 10.cxd4 Nc6 11.Be3 Bg4 12.f3 Na5 13.Bd3 Be6 14.Qa4 Bd7 15.Qa3 b5
16.Rab1 a6 17.Rfc1 Nc6 18.Rc5 Qa5 19.Qxa5 Nxa5 20.a4 Nc4 21.Bxc4 bxc4 22.Rxc4 Rab8
23.Rxb8 Rxb8 24.Nc3 Be6 25.Rc7 Rc8 26.Rxc8+ Bxc8 27.Nd5 Kf8 28.Nb6 Bb7 29.Nd7+ Ke8
30.Nc5 Bc8 31.Kf2 e6 32.Nb3 Bf8 33.Bd2 Bd7 34.a5 Ba4 35.Nc1 Kd7 36.Nd3 Bd6
37.Bb4 Bc2 38.Bxd6 Bxd3 39.Be5 Kc6 40.Ke3 Bf1 41.g4 Kd7 42.Bf6 h5 43.h4 Ke8
44.gxh5 gxh5 45.d5 exd5 46.exd5 Bg2 47.Kf2 Bh1 48.d6 Kd7 49.Be7 Ke8 50.Ke3 Bg2
51.f4 Bh1 52.Kd4 Bg2 53.Ke5 Bf3 54.Kf6 Bd5 55.Kg5 Bf3 56.Kf5 Be2 57.Ke5 Bc4
58.Kd4 Be2 59.Kd5 Kd7 60.Kd4 Bf1 61.Ke5 Bc4 62.Kf6 Bb3 63.f5 Bc4 64.Kg5 Be2
65.Kh6 Bf3 66.Bf8 Be2 67.Kg7 Bc4 68.Be7  1/2-1/2

[Event "FSIMB July"]
[Site "Budapest HUN"]
[Date "2007.07.15"]
[Round "9"]
[White "Gauri,S"]
[Black "Citak,S"]
[Result "1-0"]
[WhiteElo "2177"]
[BlackElo "2365"]

1.d4 Nf6 2.c4 g6 3.Nc3 d5 4.cxd5 Nxd5 5.e4 Nxc3 6.bxc3 Bg7 7.Nf3 O-O 8.Be2 c5
9.Rb1 Nc6 10.d5 Bxc3+ 11.Bd2 Bxd2+ 12.Qxd2 Na5 13.h4 Bg4 14.h5 Bxf3 15.gxf3 e5
16.hxg6 fxg6 17.d6 b6 18.Qd5+ Kg7 19.Qxe5+ Qf6 20.Qh2 h5 21.Qg3 Rad8 22.Rd1 Qc3+
23.Kf1 Nc4 24.Rd5 Kf7 25.Rg1 Ke6 26.Qh3+ Kf7 27.Rxg6 Kxg6 28.Qxh5+ Kf6 29.Qh6+ Kf7
30.Rf5+ Kg8 31.Qg6+  1-0

[Event "Lichtenstein Mem"]
[Site "Elkana ISR"]
[Date "2007.07.15"]
[Round "1"]
[White "Caspi,I"]
[Black "Bykhovsky,An ISR"]
[Result "0-1"]
[WhiteElo "2318"]
[BlackElo "2357"]

1.d4 Nf6 2.c4 g6 3.Nc3 d5 4.cxd5 Nxd5 5.e4 Nxc3 6.bxc3 Bg7 7.Bc4 O-O 8.Be3 Nc6
9.Ne2 e5 10.d5 Na5 11.Bd3 c6 12.c4 b5 13.c5 cxd5 14.exd5 Qxd5 15.Bxb5 Qxg2
16.Rg1 Qe4 17.Qd2 Nc6 18.Ng3 Qf3 19.Be2 Qf6 20.Bh6 Rd8 21.Bxg7 Qxg7 22.Qe3 Nd4
23.Rc1 Nxe2 24.Qxe2 Qh6 25.Rc2 Rb8 26.f3 Ba6 27.Qe4 Rb1+ 28.Kf2 Rd2+ 29.Ne2 Rxg1
30.Kxg1 Rxc2 31.Qxc2 Qe3+ 32.Kf1 Qxf3+  0-1

[Event "22nd North Sea Cup"]
[Site "Esbjerg DEN"]
[Date "2007.07.15"]
[Round "4"]
[White "Jensen,HT"]
[Black "Brinck Claussen,B"]
[Result "0-1"]
[WhiteElo "2059"]
[BlackElo "2323"]

1.d4 Nf6 2.c4 g6 3.Nc3 d5 4.cxd5 Nxd5 5.e4 Nxc3 6.bxc3 Bg7 7.Bc4 O-O 8.Ne2 c5
9.O-O Nc6 10.Be3 Bg4 11.f3 Na5 12.Bxf7+ Rxf7 13.fxg4 Rxf1+ 14.Qxf1 Nc4 15.Qc1 Rc8
16.d5 e6 17.Bg5 Qe8 18.Qd1 Nd6 19.Qd3 c4 20.Qe3 exd5 21.exd5 Ne4 22.Nd4 Nxg5
23.Qxg5 Bxd4+ 24.cxd4 Qe4 25.Qe5 Re8 26.Qxe4 Rxe4 27.Rd1 Re2 28.a4 c3 29.Rc1 c2
30.h3 Kf7 31.Kh2 Ke7 32.Kg3 Kd6 33.Kf3 Rd2 34.g3 Kxd5 35.Ke3 Rg2 36.Kd3 b6
37.Re1 a6 38.Re5+ Kd6 39.Re1 b5 40.axb5 axb5 41.Kc3 Rxg3+ 42.Kxc2 Kd5 43.Re5+ Kxd4
44.Rxb5 Rxh3 45.Kd1 Ke4 46.Ke2 Rh2+ 47.Kf1 Kf3 48.Kg1 Rg2+ 49.Kh1 Rxg4 50.Rb3+ Kf4
51.Kh2 h5 52.Kh3 Kg5 53.Rb5+ Kh6 54.Rb6 Rf4 55.Kg3 Rf5 56.Kh4 Re5 57.Ra6 Re4+
58.Kh3 Kg5 59.Ra5+ Kf6 60.Kg3 g5 61.Kh3 Re3+ 62.Kg2 Re5 63.Ra6+ Kf5 64.Kf3 g4+
65.Kg3 Kg5 66.Ra4 h4+ 67.Kf2 Rb5 68.Rc4 Rb2+ 69.Kg1 Rb3 70.Kg2 h3+ 71.Kh2 Rb2+
72.Kg3 Rg2+  0-1

[Event "22nd North Sea Cup"]
[Site "Esbjerg DEN"]
[Date "2007.07.15"]
[Round "5"]
[White "Akdag,D"]
[Black "Dyrgaard,K"]
[Result "0-1"]
[WhiteElo "2080"]
[BlackElo "2205"]

1.d4 Nf6 2.c4 g6 3.Nc3 d5 4.cxd5 Nxd5 5.e4 Nxc3 6.bxc3 Bg7 7.Bc4 O-O 8.Ne2 c5
9.Be3 Nc6 10.O-O Bd7 11.dxc5 Qc7 12.Rb1 Rfd8 13.Qc1 Na5 14.Bb5 a6 15.Bxd7 Rxd7
16.Rb4 Nc6 17.Rb1 Rad8 18.f3 Qa5 19.Qc2 Rd3 20.Bd4 Bxd4+ 21.cxd4 Rd2 22.Qc4 Nxd4
23.Nf4 Rc2 24.Qb4 Qxa2 25.Ra1 Qb3 26.Qa5 Qe3+ 27.Kh1 Nc6 28.Qc7 Qxc5 29.Qxb7 e6
30.Rxa6 Qd6 31.Qb3 Qd1 32.Ra1 Qd2 33.h3 Rc3 34.Qxc3 Qxc3 35.Rac1 Qe5 36.Nxg6 hxg6
37.Rxc6 Qb5 38.Rfc1 Rd2 39.R1c2 Rxc2  0-1

[Event "Zudov Mem A"]
[Site "Nizhnij Tagil RUS"]
[Date "2007.07.15"]
[Round "9"]
[White "Ogloblin,N"]
[Black "Vokarev,S"]
[Result "0-1"]
[WhiteElo "2382"]
[BlackElo "2466"]

1.d4 Nf6 2.c4 g6 3.Nc3 d5 4.cxd5 Nxd5 5.e4 Nxc3 6.bxc3 Bg7 7.Bc4 O-O 8.Ne2 b6
9.h4 Nc6 10.h5 Na5 11.Bd3 e5 12.hxg6 fxg6 13.Be3 Qe7 14.Qd2 exd4 15.cxd4 c5
16.Rc1 cxd4 17.Nxd4 Bb7 18.f3 Rad8 19.Nb5 Rd7 20.Qe2 a6 21.Nc3 b5 22.O-O Rfd8
23.Nd5 Bxd5 24.exd5 Rxd5 25.Be4 R5d7 26.a4 bxa4 27.Qxa6 Nb3 28.Rc8 Nd2 29.Rxd8+ Rxd8
30.Bxd2 Bd4+  0-1

[Event "XXII Tadeusz Gniota Mem"]
[Site "Police POL"]
[Date "2007.07.15"]
[Round "5"]
[White "Figura,A"]
[Black "Schmidt,Wl"]
[Result "1/2-1/2"]
[WhiteElo "2413"]
[BlackElo "2415"]

1.d4 Nf6 2.c4 g6 3.Nc3 d5 4.cxd5 Nxd5 5.e4 Nxc3 6.bxc3 Bg7 7.Nf3 c5 8.Rb1 O-O
9.Be2 cxd4 10.cxd4 Qa5+ 11.Bd2 Qxa2 12.O-O Bg4 13.Rxb7 Bxf3 14.Bxf3 Bxd4
15.Bb4 Nc6 16.Bxe7 Rfe8 17.Bg5 Bb6 18.Qd5 Qxd5 19.exd5 Nd4 20.d6 Re5 21.Be7 Nxf3+
22.gxf3 Bd8 23.Bxd8  1/2-1/2

[Event "22nd North Sea Cup"]
[Site "Esbjerg DEN"]
[Date "2007.07.16"]
[Round "6"]
[White "Berg,P"]
[Black "Nielsen,Per"]
[Result "1/2-1/2"]
[WhiteElo "1966"]
[BlackElo "2040"]

1.d4 Nf6 2.c4 g6 3.Nc3 d5 4.cxd5 Nxd5 5.e4 Nxc3 6.bxc3 Bg7 7.Be3 c5 8.Bb5+ Bd7
9.Bxd7+ Qxd7 10.Ne2 O-O 11.O-O Nc6 12.d5 Na5 13.Bxc5 Rfd8 14.Bd4 e5 15.Be3 Nc4
16.Bg5 Rf8 17.Qd3 Rac8 18.Rab1 Nd6 19.f3 a6 20.Rb4 b5 21.Rd1 a5 22.Rbb1 f5
23.exf5 gxf5 24.Bc1 e4 25.fxe4 fxe4 26.Qh3 Qxh3 27.gxh3 Bxc3 28.Bf4 Rf6 29.Bxd6 Rxd6
30.Nxc3 Rxc3 31.Rxb5 Ra3 32.Rd2 Kf7 33.Rf2+ Kg6 34.Kg2 Kg5 35.h4+ Kg6 36.Rc5 Rd3
37.Rxa5 R6xd5 38.Ra6+ Rd6 39.Rxd6+ Rxd6 40.Kg3 Rd3+ 41.Kf4 e3 42.Re2 Ra3
43.Rxe3 Rxa2  1/2-1/2

[Event "22nd North Sea Cup"]
[Site "Esbjerg DEN"]
[Date "2007.07.17"]
[Round "7"]
[White "Pedersen,G"]
[Black "Brinck Claussen,B"]
[Result "0-1"]
[WhiteElo "2224"]
[BlackElo "2323"]

1.d4 Nf6 2.c4 g6 3.Nc3 d5 4.cxd5 Nxd5 5.e4 Nxc3 6.bxc3 Bg7 7.Nf3 c5 8.Rb1 O-O
9.Be2 cxd4 10.cxd4 Qa5+ 11.Bd2 Qxa2 12.O-O b6 13.Qc1 Qe6 14.Qc2 Ba6 15.Bxa6 Nxa6
16.Qd3 Nc7 17.Bf4 Rfc8 18.d5 Qd7 19.Be5 f6 20.Bd4 e5 21.dxe6 Nxe6 22.Qb3 Qf7
23.Ba1 Rc7 24.Rbd1 Re8 25.Rfe1 Nc5 26.Qb1 Rce7 27.Nd2 Rd7 28.f3 Red8 29.Nf1 Qb3
30.Rxd7 Rxd7 31.Ne3 Qxb1 32.Rxb1 Rd3 33.Kf2 Kf7 34.Nc4 Ke6 35.g4 Bh6 36.h4 Bf4
37.Rb5 Rd1 38.Bb2 Rh1 39.Bd4 Nd3+ 40.Kg2 Rc1 41.Ne3 Ne1+ 42.Kf2 Nc2 43.Nd5 Bg3+
44.Kxg3 Nxd4 45.Nf4+ Ke7 46.Rd5 Ne6 47.Ng2 Rc5 48.Rd3 a5 49.Ne3 Nc7 50.f4 b5
51.g5 fxg5 52.hxg5 b4 53.Kf3 a4 54.Rd4 Rb5 55.Rc4 b3 56.Nf1 Ne6 57.Rxa4 b2
58.Nd2 b1=Q 59.Nxb1 Rxb1 60.Ra7+ Ke8 61.f5 Nxg5+ 62.Kf4 Nf7 63.fxg6 hxg6
64.e5 Rb4+  0-1

[Event "22nd North Sea Cup"]
[Site "Esbjerg DEN"]
[Date "2007.07.20"]
[Round "10"]
[White "Rendboe,J"]
[Black "Hartvig,O"]
[Result "1/2-1/2"]
[WhiteElo "2215"]
[BlackElo "2200"]

1.d4 Nf6 2.c4 g6 3.Nc3 d5 4.cxd5 Nxd5 5.e4 Nxc3 6.bxc3 Bg7 7.Bc4 O-O 8.Be3 Nc6
9.Ne2 e5 10.O-O Qe7 11.f3 Rd8 12.d5 Na5 13.Bd3 b6 14.Nc1 c6 15.c4 b5 16.cxb5 cxd5
17.Qa4 Nb7 18.Nb3 d4 19.Bd2 Bf8 20.a3 Be6 21.Rfc1 Rdc8 22.Bc4 Bxc4 23.Rxc4 Nd6
24.Rc6 Qb7 25.Rac1 Rcb8 26.R6c5 a6 27.Na5 axb5 28.Qb3 Rxa5 29.Bxa5 Nc4 30.Rc7 Qa8
31.R1xc4 bxc4 32.Qxc4 Rb1+ 33.Kf2 Qe8 34.Rc8 Qe7 35.Bb4 Qh4+ 36.Ke2 Qf4 37.Rxf8+ Kg7
38.Qd3 Rb2+ 39.Kd1 Rxb4 40.Rxf7+ Kxf7 41.axb4 Qxh2 42.Qe2 Qg1+ 43.Kc2 Ke7  1/2-1/2

[Event "Czech Open GMA"]
[Site "Pardubice CZE"]
[Date "2007.07.21"]
[Round "2"]
[White "Kraemer,Mart"]
[Black "Skliba,M"]
[Result "1/2-1/2"]
[WhiteElo "2437"]
[BlackElo "2236"]

1.d4 Nf6 2.c4 g6 3.Nc3 d5 4.cxd5 Nxd5 5.e4 Nxc3 6.bxc3 Bg7 7.Bc4 c5 8.Ne2 Nc6
9.Be3 O-O 10.O-O cxd4 11.cxd4 Na5 12.Bd3 b6 13.Qd2 e6 14.Bh6 Bb7 15.Rad1 Rc8
16.Bxg7 Kxg7 17.Rfe1 Nc4 18.Qb4 Qd6 19.Qb5 a6 20.Qb3 b5 21.a4 Na5 22.Qb2 bxa4
23.Ra1 Qd7 24.Qb4 Nc6 25.Qb2 Na5 26.Qb4 Nc6 27.Qb6 Rfd8 28.Red1 Rb8 29.Bc2 Ba8
30.Qc5 Qd6 31.Qxd6 Rxd6 32.Bxa4 Rb2 33.Kf1 Na5 34.f3 Nc4 35.Kf2 Nb6 36.Ke1 Nxa4
37.Rxa4 Bc6 38.Ra3 Bb5 39.Rd2 Rxd2 40.Kxd2 Bxe2 41.Kxe2 Rxd4 42.Rxa6 Rb4
43.Kf2 Rb2+ 44.Kg3 h5 45.h4 Rc2 46.Kh3  1/2-1/2

[Event "11th Festival Open A"]
[Site "Senta SRB"]
[Date "2007.07.22"]
[Round "3"]
[White "Ristic,Neb2"]
[Black "Pajzer,I"]
[Result "1-0"]
[WhiteElo "2346"]
[BlackElo "2169"]

1.d4 Nf6 2.c4 g6 3.Nc3 d5 4.cxd5 Nxd5 5.e4 Nxc3 6.bxc3 Bg7 7.Bb5+ c6 8.Ba4 O-O
9.Ne2 c5 10.O-O a6 11.dxc5 Qc7 12.Be3 Bd7 13.Rb1 Bc6 14.f3 Nd7 15.Bxc6 Qxc6
16.Qd5 Qc8 17.Rxb7 Nf6 18.Qb3 Rd8 19.Rxe7 Rf8 20.Rb7 a5 21.a4 Nd7 22.Qb5 Ne5
23.Bd4 Qe6 24.Nf4 Qa2 25.c6 Rae8 26.c7 Qd2 27.c8=Q Nxf3+ 28.gxf3 Bxd4+ 29.cxd4 Rxc8
30.Ne2 Rc2 31.Rf2 h5 32.h4 Qe1+ 33.Kg2 Rd2 34.Qc4 Rd1 35.Qc3 Qh1+ 36.Kg3 g5
37.hxg5 h4+ 38.Kf4 Qh3 39.Qc7 Rd3 40.e5 Qe6 41.Qd7 Qa2 42.e6 Qd2+ 43.Kg4 Qe3
44.exf7+ Kg7 45.Qf5 Rxd4+ 46.Nxd4 Qxd4+ 47.Qf4  1-0